Nikolaj Sergejevič Trubeckoj - klasik modernej jazykovedy

Bibliographic Details
Main Author: Ondrejovič, Slavomír, 1946- (Author)
Format: Article
Language:Slovak
PhysicalDescription:Res. nem., lit. 30 zázn. v angl., franc., nem., slov.
Subjects:

MARC

LEADER 00000nab a2200000 a 4500
001 vtls000473521
003 SK-MaSNL
005 20260304002616.0
008 230120c1992 xo 0 slo
015 |a SNBRB19rr/mm-uuuuu 
035 |a CL0473655 
035 |a (urnnbn)urn:nbn:sk:snk:ar-00698u 
035 |a (uuid)8c4181aa-dd40-472d-b291-c5eb8c280248 
035 |a urn:nbn:sk:snk-ab84nm 
040 |a SNKBUCL  |b slo  |c SNKBUCL  |e AACR2 
041 0 |a slo 
044 |a xo  |c SK 
080 |a 801-051  |2 1981 
080 |a 808.2-051  |2 1981 
080 |a 929 Trubeckoj, Nikolaj Sergejevič  |2 1981 
100 1 |a Ondrejovič, Slavomír,  |d 1946-  |4 aut  |9 92874 
245 1 0 |a Nikolaj Sergejevič Trubeckoj - klasik modernej jazykovedy  |c Slavo Ondrejovič 
300 |b Res. nem., lit. 30 zázn. v angl., franc., nem., slov. 
600 1 7 |a Trubeckoj, Nikolaj Sergejevič  |d 1890-1938  |x dielo jazykovedné - štúdie  |2 snkbucl  |9 1280300 
655 7 |a články z novín a časopisov  |2 snkbucl  |9 267496 
773 0 |t Jazykovedný časopis  |g Roč. 43, č. 1 (1992), s. 56-64 
850 |a Slovenská národná knižnica v Martine  |a MTA001 
852 |a SNK  |b KIS3GCP 
954 |a odborná, vedecká literatúra pôvodná (slovenská)  |2 lita 
958 |a OND 
958 |a NB 
958 |a RK 
958 |a EUIPO 
958 |a article9 
992 |a RBX 
999 |c 2542813  |d 2544743